书目信息 |
| 题名: |
名妓赛金花遗事
|
|
| 作者: | 王健元 编 | |
| 分册: | ||
| 出版信息: | 长春 吉林文史出版社 1986 |
|
| 页数: | 100页 | |
| 开本: | 19cm | |
| 丛书名: | 晚清民国逸史丛书 | |
| 单 册: | ||
| 中图分类: | K828.52 , I246.1 | |
| 科图分类: | ||
| 主题词: | 历史人物--生平事迹--中国--清代 , 小说--中国 | |
| 电子资源: | ||
| ISBN: | ||
| 000 | 00742nam2 2200277 45 | |
| 001 | 1560936390 | |
| 005 | 20150124165624.81 | |
| 010 | @dCNY0.60 | |
| 100 | @a19951113d1986 em y0chiy0121 ea | |
| 101 | 0 | @achi |
| 102 | @aCN@b220000 | |
| 105 | @ay z 000yy | |
| 200 | 10 | @a名妓赛金花遗事@Aming ji sai jin hua yi shi@f王健元编 |
| 210 | @a长春@c吉林文史出版社@d1986 | |
| 215 | @a100页@d19cm | |
| 225 | 2 | @a晚清民国逸史丛书 |
| 410 | 0 | @120010@a晚清民国逸史丛书 |
| 600 | 0 | @a赛金花@x生平事迹 |
| 606 | @a历史人物@x生平事迹@y中国@z清代 | |
| 606 | 0 | @a小说@x中国 |
| 690 | @aK828.52@v3 | |
| 690 | @aI246.1@v4 | |
| 701 | 0 | @a王健元@4编@Awang jian yuan |
| 801 | 0 | @aCN@bTSSF@c20150124 |
| 801 | 2 | @aCN@bNLC |
| 905 | @aZUCC@dI246.1@eJY1 | |
| 名妓赛金花遗事/王健元编.-长春:吉林文史出版社,1986 |
| 100页;19cm.-(晚清民国逸史丛书) |
| ISBN :CNY0.60 |
| ● |
| 相关链接 |
|
|
|
|
正题名:名妓赛金花遗事
索取号:I246.1/JY1
 
预约/预借
| 序号 | 登录号 | 条形码 | 馆藏地/架位号 | 状态 | 备注 |
| 1 | 7842347 | 278423476 | 学院路分馆/ [索取号:I246.1/JY1] | 在馆 | |
| 2 | 7842349 | 278423494 | 学院路分馆/ [索取号:I246.1/JY1] | 在馆 | |
| 3 | 7842350 | 278423500 | 学院路分馆/ [索取号:I246.1/JY1] | 在馆 | |
| 4 | 7842351 | 278423519 | 学院路分馆/ [索取号:I246.1/JY1] | 在馆 |